000 00490nam a2200181Ia 4500
003 LK-CoDNM
008 010623t xxu||||| |||| 00| 1 sin d
040 _aLK-CoDNM
_dLK-CoDNM
_eLK-CoDNM
041 _asin
080 _a133.52 RAT
100 _aRatuvitana,Piyasena.
245 _aදොළොස් ලග්නය සහ ග්‍ර‍හයෝ
246 _aDolos Lagnaya Saha Grahayo
260 _bGunasena
_aColombo
300 _b207p., 21 cm
650 _aAstrology
942 _cBK
999 _c138797
_d138797